000 00194nam a22000857a 4500
008 160624b xxu||||| |||| 00| 0 eng d
100 _91088
_aMarshall, C
245 _aChristy
260 _aN.Y
_bAvon
_c1967
999 _c874
_d874